| 000 | 00794cam a2200205 4500 | ||
|---|---|---|---|
| 001 | WS110960 | ||
| 008 | 000000n 000 0 eng u | ||
| 035 | _a(Sirsi) u110960 | ||
| 110 |
_aInstitute of Management Consultants in Ireland _94034 |
||
| 245 | _aInstitute of Management Consultants in Ireland | ||
| 520 | _aSite for this Irish organisation of management consultants. Includes their code of professional conduct, details of how to use a consultant and a list of registered consultants. | ||
| 650 | _aEIRE | ||
| 650 | _aINTERNATIONAL | ||
| 650 | _aORGANISATION | ||
| 650 |
_aManagement consultancy _96255 |
||
| 650 | _aCODE OF CONDUCT | ||
| 690 | _aMANAGEMENT-BUSINESS MANAGEMENT | ||
| 856 | 4 | 0 |
_uhttps://www.imci.ie _zView the website free of charge at www.imci.ie... |
| 942 | _n0 | ||
| 999 |
_c119786 _d119786 |
||